Statistiques concernant Culture Générale - Série 852

Cliquez ici pour prendre le quiz!

Statistiques générales

  • Ce quiz a été pris 133 fois
  • Le résultat moyen est 7 sur 10

Statistiques - réponses

QuestionRéponse% Correct
Sur quel continent se situe le Myanmar ?Asie
98%
Quel nom, synonyme de "beau-fils", désigne le mari de sa fille ?gendre
92%
Selon l'expression, quand on interrompt brutalement quelqu'un, quel morceau de tabac à mâcher lui coupe-t-on ?La chique
91%
Quel mot de 3 lettres est le synonyme vieilli, de belle-fille ?bru
89%
Comment appelle-t-on les fruits noirs comestibles des ronces ?mûres
88%
Quel footballeur anglais est surnommé le "Spice Boy" par les journalistes ?David Beckham
82%
En cyclisme, lors du tour d'Italie, quelle est la couleur du maillot du coureur qui arrive en tête du classement général ?rose
74%
Quelle sorte d'aliment est le "curé nantais" ?fromage
44%
Dans quelle ville de Vendée les Gillocruciens habitent-ils ?Saint-Gilles-Croix-de-Vie
38%
Quelle boisson fermentée, commençant par la lettre "K", est traditionnellement fabriquée par les nomades de l'Asie centrale avec du lait de jument ?koumys
2%

Distribution des résultats

Percentile par nombre de réponses

% des personnes avec chaque résultat

Votre développement - résultats

Vous n’avez pas pris ce quiz